000 00203 a2200109 4500
020 _a978031250297
041 _aspa
100 _aPriddy, books
245 _aColors, Colores
942 _cBK
952 _71
999 _c22654
_d22654